000 00493nam a2200205Ia 4500
003 OSt
005 20250718153149.0
008 210210b2011 xxu||||| |||| 00| 0 eng d
020 _a9789380280158
040 _cAL
041 _aeng
082 _a346.066 MAIT
100 _aUmesh Maiya
_9219382
245 _aTextbook of company law
260 _aNew Delhi
_bJagdamba Publishing Company
_c2011
300 _a218p
690 _aCompany Law
_9219387
906 _a068784
942 _2ddc
_cBK
999 _c152906
_d152906